[Event "AUTO-OPEN-4530"]
[Site "http://www.queenalice.com/game.php?id=1837615"]
[Date "2024.5.27"]
[Round "1"]
[White "Pumpernickel"]
[Black "chessman"]
[Result "1-0"]
[WhiteElo "2056"]
[BlackElo "1885"]

1. Nf3 d5 2. g3 e6 3. d4 c5 4. dxc5 Bxc5 5. Bg2 Nf6 6. O-O O-O 7. a3 Nc6 8. b4
Bb6 9. Bb2 a6 10. Nbd2 h6 11. c4 Bd7 12. Qc2 dxc4 13. Nxc4 Nd5 14. e4 Nf6 15.
Rad1 Qc7 16. Nxb6 1-0

[Event "AUTO-OPEN-4530"]
[Site "http://www.queenalice.com/game.php?id=1837634"]
[Date "2024.5.27"]
[Round "1"]
[White "Pumpernickel"]
[Black "Kn1ght1962"]
[Result "1-0"]
[WhiteElo "2081"]
[BlackElo "1730"]

1. e4 e5 2. Nf3 d6 3. Be2 h6 4. O-O a6 5. c4 Nf6 6. d4 Nxe4 7. dxe5 Be6 8. Qc2
Bf5 9. Bd3 d5 10. cxd5 Nd7 11. Bxe4 Bxe4 12. Qxe4 Bc5 13. Nc3 O-O 14. Re1 Re8
15. Qg4 c6 16. Bxh6 g6 17. dxc6 bxc6 18. e6 Qf6 19. exd7 Rxe1+ 20. Rxe1 Kh7 21.
Re8 Rd8 22. Ng5+ Kxh6 23. Qh4+ Kg7 24. Qh7# 1-0

[Event "AUTO-OPEN-4530"]
[Site "http://www.queenalice.com/game.php?id=1837635"]
[Date "2024.5.27"]
[Round "1"]
[White "Kn1ght1962"]
[Black "Pumpernickel"]
[Result "0-1"]
[WhiteElo "1726"]
[BlackElo "2105"]

1. e4 e5 2. a3 a6 3. h3 Bc5 4. Qf3 Ne7 5. Nc3 O-O 6. d3 d6 7. Qg3 Nbc6 8. Bh6
Ng6 9. Be3 Bxe3 10. Qxe3 f5 11. exf5 Bxf5 12. Nd5 Qd7 13. Nf3 Rae8 14. O-O-O b5
15. g4 Be6 16. Nc3 b4 17. axb4 d5 18. d4 exd4 19. Nxd4 Bxg4 20. Qd3 Nxb4 21. Qg3
Bxd1 22. Nxd1 c5 23. Nf3 Qa4 24. Bd3 Re2 25. Nd2 Qa1+ 26. Nb1 Na2# 0-1

[Event "Challenge"]
[Site "http://www.queenalice.com/game.php?id=1840068"]
[Date "2024.7.9"]
[Round "-"]
[White "jogo"]
[Black "Pumpernickel"]
[Result "0-1"]
[WhiteElo "1824"]
[BlackElo "2132"]

1. e4 c5 2. Nf3 d6 3. d4 cxd4 4. Nxd4 a6 5. Bb5+ axb5 6. Nxb5 Nc6 7. Nd4 Bd7 8.
O-O Qb6 9. Nxc6 bxc6 10. b3 g6 11. c3 Bg7 12. Be3 Qb7 13. Bd4 Nf6 14. e5 dxe5
15. Bxe5 O-O 16. Nd2 Bf5 17. h3 Rad8 18. g4 Bd3 19. Re1 Ba6 20. g5 Nd7 21. Bxg7
Kxg7 22. Rxe7 Rfe8 23. Rxe8 Rxe8 24. Rc1 Qc7 25. Qg4 Ne5 26. Qd4 Rd8 27. Qf4
Rxd2 28. Qf6+ Kg8 29. Re1 Be2 0-1

[Event "Challenge"]
[Site "http://www.queenalice.com/game.php?id=1840069"]
[Date "2024.7.9"]
[Round "-"]
[White "Pumpernickel"]
[Black "jogo"]
[Result "1-0"]
[WhiteElo "2085"]
[BlackElo "1680"]

1. e4 e5 2. Nf3 Nf6 3. Nxe5 d6 4. Nc4 Be7 5. d3 Bg4 6. Be2 Bxe2 7. Qxe2 h6 8. f4
b5 9. Ne3 O-O 10. O-O a6 11. Nd2 c5 12. c3 Nc6 13. b3 Qa5 14. Bb2 Rfd8 15. e5
dxe5 16. fxe5 Nxe5 17. Nf5 Bf8 18. Qxe5 Rd5 19. Nxh6+ gxh6 20. Qxf6 Bg7 21.
Qxf7+ Kh8 22. Qxd5 Rd8 23. Qxc5 Rxd3 24. Rf8+ Bxf8 25. Qxf8+ 1-0

[Event "Capixabba789"]
[Site "http://www.queenalice.com/game.php?id=1841327"]
[Date "2024.8.3"]
[Round "4"]
[White "Pumpernickel"]
[Black "Charles56"]
[Result "1-0"]
[WhiteElo "2083"]
[BlackElo "1674"]

1. c4 e5 2. Nc3 h6 3. Nf3 d6 4. e3 a6 5. d4 exd4 6. Nxd4 Nf6 7. e4 Bd7 8. f3 Nc6
9. Be3 Nxd4 10. Qxd4 c5 11. Qd2 Bc6 12. O-O-O Rb8 13. g4 b5 14. cxb5 axb5 15. e5
dxe5 16. Qxd8+ Rxd8 17. Bxb5 Rxd1+ 18. Rxd1 Bxb5 19. Nxb5 Nd7 20. a4 Be7 21. a5
O-O 22. Rxd7 Bg5 23. Bxg5 hxg5 24. a6 1-0

[Event "Capixaba789-3"]
[Site "http://www.queenalice.com/game.php?id=1841435"]
[Date "2024.8.4"]
[Round "3"]
[White "Mateuzao_99"]
[Black "Pumpernickel"]
[Result "0-1"]
[WhiteElo "2031"]
[BlackElo "2139"]

1. d4 d5 2. e3 e6 3. Bd3 Nf6 4. Nd2 Nbd7 5. f4 c5 6. c3 Be7 7. Ngf3 O-O 8. Ne5
b6 9. O-O Bb7 10. Ndf3 c4 11. Bc2 b5 12. Nxd7 Qxd7 13. Ne5 Qc7 14. Rf3 Ne4 15.
Rh3 g6 16. Ng4 Kg7 17. Nf2 h5 18. Nxe4 dxe4 19. g4 hxg4 20. Qxg4 Rh8 21. Bd2
Rxh3 22. Qxh3 a5 23. Kf2 b4 24. Qg2 Rh8 25. Rh1 b3 26. axb3 cxb3 27. Bxe4 Bxe4
28. Qxe4 Qc4 0-1

[Event "AUTO-ADV-4776"]
[Site "http://www.queenalice.com/game.php?id=1843733"]
[Date "2024.9.14"]
[Round "2"]
[White "maurice916"]
[Black "Pumpernickel"]
[Result "0-1"]
[WhiteElo "1878"]
[BlackElo "2135"]

1. Nf3 Nc6 2. b3 e5 3. e4 Nf6 4. d3 Bc5 5. Bb2 d6 6. h3 O-O 7. Nbd2 Re8 8. Be2
h6 9. O-O a6 10. Re1 Nh5 11. Nf1 Nf4 12. Ng3 b5 13. Bf1 Bb6 14. Qd2 Qf6 15. c3
Nxh3+ 16. gxh3 Qxf3 17. Bg2 Qxg3 18. d4 Qg6 19. Re3 Qg5 20. Qe2 exd4 21. Rg3
Qxg3 22. fxg3 d3+ 0-1

[Event "AUTO-ADV-4776"]
[Site "http://www.queenalice.com/game.php?id=1843734"]
[Date "2024.9.14"]
[Round "2"]
[White "Pumpernickel"]
[Black "maurice916"]
[Result "1-0"]
[WhiteElo "2148"]
[BlackElo "1917"]

1. e4 c6 2. d4 d5 3. e5 c5 4. c4 cxd4 5. Qxd4 e6 6. cxd5 Qxd5 7. Qxd5 exd5 8.
Bd2 Nc6 9. f4 Bf5 10. Nf3 O-O-O 11. Nc3 d4 12. Ne2 d3 13. Ng3 Be6 14. a3 Bc5 15.
Ne4 Bb6 16. Nd6+ Kb8 17. Bxd3 Nh6 18. O-O-O Bb3 19. Rde1 Rd7 20. Bc3 a6 21. Bc4
Bxc4 22. Nxc4 Bc7 23. g3 Rhd8 24. Rd1 Nf5 25. Rxd7 Rxd7 26. Rd1 Re7 27. g4 Nh6
28. Ne3 Ng8 29. Nd5 Rd7 30. Nxc7 Kxc7 31. Rxd7+ Kxd7 32. Ng5 Nce7 33. Nxf7 Nc6
34. f5 Ke7 35. Nd6 b6 36. Nc8+ 1-0

[Event "AUTO-OPEN-4530"]
[Site "http://www.queenalice.com/game.php?id=1847641"]
[Date "2024.11.23"]
[Round "2"]
[White "Pumpernickel"]
[Black "Capixabba789"]
[Result "1-0"]
[WhiteElo "2158"]
[BlackElo "1959"]

1. e4 e5 2. Nf3 d6 3. Bc4 Be7 4. d4 exd4 5. Nxd4 Nf6 6. Nc3 O-O 7. O-O Nbd7 8.
Nf5 Ne5 9. Nxe7+ Qxe7 10. Be2 Be6 11. f4 Nc6 12. f5 Bd7 13. Nd5 Nxd5 14. exd5
Ne5 15. c4 a6 16. b4 Qf6 17. Qc2 a5 18. bxa5 Rxa5 19. Bb2 Rfa8 20. Rf2 h6 21.
Qb3 b6 22. a3 Qg5 23. f6 Ng4 24. Bxg4 Bxg4 25. fxg7 h5 26. Raf1 Bh3 27. Qxh3 1-0

[Event "AUTO-OPEN-4530"]
[Site "http://www.queenalice.com/game.php?id=1847642"]
[Date "2024.11.23"]
[Round "2"]
[White "Capixabba789"]
[Black "Pumpernickel"]
[Result "0-1"]
[WhiteElo "1975"]
[BlackElo "2164"]

1. e4 c5 2. d4 cxd4 3. Qxd4 Nc6 4. Qd1 g6 5. Bc4 Bg7 6. Nf3 b5 7. Bd3 a6 8. O-O
d6 9. Nc3 Bg4 10. Be3 e6 11. a3 Nge7 12. Be2 O-O 13. Qd2 Qc7 14. Bh6 Bxf3 15.
Bxf3 Rfd8 16. Bxg7 Kxg7 17. Rad1 Qb6 18. Be2 Rac8 19. Bf3 Ne5 20. Be2 Nc4 21.
Bxc4 Rxc4 22. Qg5 Nc6 23. Kh1 h6 24. Qg3 a5 25. Rxd6 Rxd6 26. Qxd6 b4 27. Na4
Qb5 28. b3 Rd4 29. Qc5 Qxf1# 0-1

[Event "AUTO-OPEN-4530"]
[Site "http://www.queenalice.com/game.php?id=1847643"]
[Date "2024.11.23"]
[Round "2"]
[White "Pumpernickel"]
[Black "maurice916"]
[Result "1-0"]
[WhiteElo "2169"]
[BlackElo "1925"]

1. e4 c6 2. d4 d5 3. exd5 cxd5 4. Bd3 Nf6 5. c3 Nc6 6. Nf3 Bg4 7. Bf4 e6 8. Nbd2
Bd6 9. Bxd6 Qxd6 10. O-O O-O 11. Qc2 g6 12. Rfe1 Rfe8 13. Ne5 Bf5 14. Ndf3 Bxd3
15. Qxd3 Ne4 16. Rac1 f5 17. Nxc6 bxc6 18. b4 Reb8 19. Rc2 a5 20. a3 axb4 21.
cxb4 Rb7 22. Rec1 Rc8 23. Ne5 Rbc7 24. Qa6 c5 25. Qxd6 Nxd6 26. Rxc5 Nc4 27.
Nxc4 Rxc5 28. dxc5 dxc4 29. Rxc4 Kf7 30. c6 Ke7 31. b5 Kd6 32. a4 e5 33. Rc1 e4
34. b6 Rxc6 35. Rxc6+ Kxc6 36. a5 Kb7 37. g4 f4 38. g5 Ka6 39. Kg2 Kb7 40. Kh3
e3 41. fxe3 fxe3 42. Kg2 e2 43. Kf2 1-0

[Event "AUTO-OPEN-4530"]
[Site "http://www.queenalice.com/game.php?id=1847644"]
[Date "2024.11.23"]
[Round "2"]
[White "maurice916"]
[Black "Pumpernickel"]
[Result "0-1"]
[WhiteElo "1912"]
[BlackElo "2153"]

1. Nf3 Nf6 2. b3 c5 3. Bb2 d5 4. e3 e6 5. Bb5+ Nbd7 6. Ne5 a6 7. Bxd7+ Nxd7 8.
O-O Bd6 9. Nxd7 Bxd7 10. Bxg7 Rg8 11. Bb2 Bxh2+ 12. Kxh2 Qh4+ 13. Kg1 d4 14. Qf3
Bc6 15. Qh3 Qxh3 0-1

[Event "AUTO-MASTER-3262"]
[Site "http://www.queenalice.com/game.php?id=1856113"]
[Date "2025.4.24"]
[Round "1"]
[White "Scharlatan"]
[Black "Pumpernickel"]
[Result "1/2-1/2"]
[WhiteElo "2047"]
[BlackElo "2186"]

1. d4 d5 2. Nf3 c6 3. e3 Bf5 4. Bd3 Bxd3 5. Qxd3 Nf6 6. O-O e6 7. Nbd2 Be7 8. c4
O-O 9. c5 b6 10. b4 a5 11. Ba3 axb4 12. Bxb4 bxc5 13. Bxc5 Bxc5 14. dxc5 Nbd7
15. Nd4 Nxc5 16. Qc2 Nfd7 17. Nxc6 Qc7 18. Nd4 Ra4 19. Rfc1 Qa7 20. Nc6 Qa6 21.
Nd4 Nd3 22. Rcb1 Rc8 23. Qb3 N7c5 24. Qb6 Rxa2 25. Qxa6 Rxa6 26. Rxa6 Nxa6 27.
Kf1 g5 1/2-1/2

[Event "AUTO-MASTER-3262"]
[Site "http://www.queenalice.com/game.php?id=1856114"]
[Date "2025.4.24"]
[Round "1"]
[White "Pumpernickel"]
[Black "Scharlatan"]
[Result "1-0"]
[WhiteElo "2177"]
[BlackElo "2070"]

1. c4 e6 2. Nc3 d5 3. cxd5 exd5 4. d4 c6 5. Bf4 Bd6 6. Bxd6 Qxd6 7. Nf3 Nf6 8.
Qb3 Na6 9. e3 O-O 10. Bxa6 bxa6 11. O-O Bf5 12. Na4 Rab8 13. Qc3 Ne4 14. Qe1
Rfe8 15. Rc1 Rb5 16. b3 Re6 17. Ne5 Qc7 18. g4 Bxg4 19. Nxg4 Rg6 20. f3 Nf6 21.
Qg3 Qe7 22. Rxc6 h5 23. Qe5 Qd7 24. Rxf6 gxf6 25. Qxh5 f5 26. Qxg6+ 1-0

[Event "AUTO-MASTER-3262"]
[Site "http://www.queenalice.com/game.php?id=1856121"]
[Date "2025.4.24"]
[Round "1"]
[White "Magnaroc"]
[Black "Pumpernickel"]
[Result "0-1"]
[WhiteElo "1808"]
[BlackElo "2174"]

1. e4 c6 2. d4 d5 3. Nc3 dxe4 4. Nxe4 Nd7 5. Nf3 Ngf6 6. Nxf6+ Nxf6 7. h3 h6 8.
Be3 Bf5 9. Bd3 Bxd3 10. Qxd3 e6 11. O-O Bd6 12. Rad1 O-O 13. c3 Qc7 0-1

[Event "AUTO-MASTER-3262"]
[Site "http://www.queenalice.com/game.php?id=1856122"]
[Date "2025.4.24"]
[Round "1"]
[White "Pumpernickel"]
[Black "Magnaroc"]
[Result "1-0"]
[WhiteElo "2175"]
[BlackElo "1806"]

1. e4 e5 2. Nf3 Nc6 3. d4 exd4 4. Nxd4 Nf6 5. Nxc6 bxc6 6. Bd3 d6 7. O-O h6 8.
b3 Be7 9. Bb2 a5 10. c4 O-O 11. Nc3 Bg4 12. f3 Bh5 13. Qc2 Bg6 14. Rad1 1-0